000 00382 a2200169 4500
001 189049
020 _a978-85-7635-667-7
040 _cMagnum
100 _aJose, Elias
240 1 0 _aVó melinha: cigana e rainha
_lpor
245 1 0 _aVó melinha: cigana e rainha
300 _a103
362 0 _a2009
440 1 _aLarousse Jovem
697 _aLITERATURA JUVENIL
942 _cBK
999 _c189049
_d189049